000 02188nam a2200229 4500
001 0000010931
005 20250329165426.0
008 180709s2018 000 0 eng d
040 _aCO-CtgCURN
_bspa
_ccoctgcurn
082 0 _aDER 2018
_bJ421
100 1 _aJay Julio, Dorly.
245 1 3 _aLa falta de polticas públicas para la protección de los derechos de la población de mujeres trans afectan la aplicación material del estado constitucional de derecho. /
_cDorly Jay Julio; Victoria Daza Urueta Caballero.
260 _aCartagena de Indias :
_bCorporación Universitaria Rafael Nuñez,
_c2018.
300 _a86 hojas.
504 _aTrabajo de grado (Derecho). Corporación Universitaria Rafael Nuñez. Facultad de Ciencias de Sociales y Humanas. Derecho, 2018.
520 _aNuestro ordenamiento jurídico está fundado tal como lo consagra el preámbulo de la Constitución Política en "asegurar a sus integrantes la vida, la convivencia, el trabajo, la justicia, la igualdad, el conocimiento, la libertad y la paz", bajo esos parámetros es indispensable que el Estado provea a todos sus asociados garantías para el goce y disfrute de sus derechos, pues es en cabeza de él en que se encuentran las potestades, facultades y obligaciones para lograr un equilibrio e igualdad social. La presente investigación se refiere a la falta de políticas públicas para la protección de los derechos de la población de mujeres trans, que al ser una población minoritaria necesita una protección y tratamiento especial, en el sentido de poder lograr el reconocimiento, libre goce de derechos e inclusión en la sociedad; para evitar que se conviertan en víctimas de estigmatización, de homofobia, xenofobia y bifobia.
650 0 _aDerecho
_vTesis y disertaciones academicas.
700 1 _aDaza Urueta Caballero, Victoria.
856 _uhttps://unicurn.sharepoint.com/:b:/s/biblioteca/EbmXqMjp9oZJuMtRmZwX59kBzud55MrBd_Xp8IFsFpayoQ?e=GSHwSu
_zClick aqui para ver el recurso en texto completo
942 _2ddc
_cTG
_hDER 2018
_iJ421
999 _c3573
_d3573